Central Library OPAC University of Rajshahi

Quantitative economic theory : (Record no. 42660)

MARC details
000 -LEADER
fixed length control field 00649nam a2200217 a 4500
001 - CONTROL NUMBER
control field 42660
003 - CONTROL NUMBER IDENTIFIER
rucl marc code BD-RjUL
005 - DATE AND TIME OF LATEST TRANSACTION
control field 20211209053555.0
008 - FIXED-LENGTH DATA ELEMENTS--GENERAL INFORMATION
fixed length control field 160614s1968 nyua 001 0 eng d
035 ## - SYSTEM CONTROL NUMBER
System control number (BD-RjUL)42778
040 ## - CATALOGING SOURCE
Original cataloging agency TXR
Transcribing agency TXR
Modifying agency UKM
-- EQO
-- BD-RjUL
Language of cataloging eng
041 ## - LANGUAGE CODE
Language code of text/sound track or separate title eng
082 ## - DEWEY DECIMAL CLASSIFICATION NUMBER
Classification number 330.0182
Edition number 23
Author mark and year BRQ 1968
100 1# - MAIN ENTRY--PERSONAL NAME
Personal name Brems, Hans.
9 (RLIN) 131140
245 10 - TITLE STATEMENT
Title Quantitative economic theory :
Remainder of title a synthetic approach /
Statement of responsibility, etc. Hans Brems
260 ## - PUBLICATION, DISTRIBUTION, ETC. (IMPRINT)
Place of publication, distribution, etc. New York :
Name of publisher, distributor, etc. Wiley,
Date of publication, distribution, etc. c1968
300 ## - PHYSICAL DESCRIPTION
Pagination xv, 514 p. :
Illustrations ill. ;
Size 24 cm
504 ## - BIBLIOGRAPHY, ETC. NOTE
Bibliography, etc Includes bibliographies and index
650 #0 - SUBJECT ADDED ENTRY--TOPICAL TERM
Topical term or geographic name as entry element Economics
General subdivision Mathematical models
9 (RLIN) 130491
942 ## - ADDED ENTRY ELEMENTS (KOHA)
Source of classification or shelving scheme Dewey Decimal Classification
Koha item type Books
Holdings
Lost status Source of classification or shelving scheme Damaged status Not for loan Collection code Permanent Location Current Location Shelving location Date acquired Source of acquisition Cost, normal purchase price Total Checkouts Full call number Date last seen Copy number Koha item type
  Dewey Decimal Classification     Non-fiction Central Library, University of Rajshahi Central Library, University of Rajshahi   11/02/1973 Euro Bangladesh New Agency 144.00   330.0182 BRQ 1968 14/06/2016 C-2 Books